Statistiques concernant Harry Potter: les Animagi

Cliquez ici pour prendre le quiz!

Statistiques générales

  • Ce quiz a été pris 150 fois
    (87 depuis la dernière actualisation)
  • Le résultat moyen est 13 sur 14

Statistiques - réponses

InformationRéponse% Correct
Première apparitionHarry Potter à l'école des sorciers
99%
Animagus connuSirius Black
97%
AnimalChien noir
96%
AnimalChatte tigrée
95%
Animagus connuJames Potter
95%
Animagus connuPeter Pettigrow
95%
AnimalRat
95%
AnimalCerf
93%
Animagus connueMinerva McGonagall
93%
Derniere apparitionHarry Potter et les Reliques de la Mort
92%
Première mention (mot animagus prononcé)Harry Potter et le prisonnier d'Azkaban
86%
Animagus connueRita Skeeter
83%
AnimalScarabée
79%
AptitudeSe transforme en animal
78%

Distribution des résultats

Percentile par nombre de réponses

% des personnes avec chaque résultat

Votre développement - résultats

Vous n’avez pas pris ce quiz depuis la dernière actualisation